Recopilación de composiciones infantiles: Estudiantes de la carrera de educación inical /
Na minha lista:
| Autor principal: | |
|---|---|
| Formato: | Audio |
| Idioma: | Spanish |
| Publicado em: |
San José, Costa Rica:
INIE,
2012
|
| Colecção: | Colección Yigüirro
|
| Assuntos: | |
| Tags: |
Adicionar Tag
Sem tags, seja o primeiro a adicionar uma tag!
|
MARC
| LEADER | 00000njm a2200000 a 4500 | ||
|---|---|---|---|
| 008 | 170313b2012 cr ||||| |||| 00| | spa d | ||
| 999 | |c 611 |d 611 | ||
| 020 | |a 9789968527262 | ||
| 090 | |a CD #222 | ||
| 100 | 1 | |9 736 |a Arguedas Quesada, Consuelo | |
| 245 | 1 | 0 | |a Recopilación de composiciones infantiles: Estudiantes de la carrera de educación inical / |c Consuelo Arguedas Quesada, compilación |
| 260 | |a San José, Costa Rica: |b INIE, |c 2012 | ||
| 300 | |a 1 Disco de computadora; |b Sonoro | ||
| 490 | |a Colección Yigüirro | ||
| 500 | |a Este material didáctico corresponde a la compilación de composiciones infantiles, creadas en los cursos FD-0167 Educación musical en la educación inicial y FD- 0173 Educación musical en la educación inicial II, de la Escuela de Formación Docente de la Universidad de Costa Rica | ||
| 500 | |a Volumen 3 | ||
| 650 | 1 | 4 | |a MÚSICA |9 13 |
| 650 | 1 | 4 | |a EDUCACIÓN PREESCOLAR |9 455 |
| 650 | 1 | 4 | |a MATERIAL DIDÁCTICO |9 785 |
| 650 | 1 | 4 | |a PARTITURAS |9 2533 |
| 942 | |i 003680 ,003681 |h CD #222 |2 z |c 08 | ||



